[Event "Superettan(Upsala-Limhamn II)"]
[Site "?"]
[Date "2013.03.15"]
[Round "7"]
[White "Nylen, Anders"]
[Black "Johansson, Jan"]
[Result "0-1"]
[WhiteElo "2201"]
[BlackElo "2430"]
[PlyCount "116"]

1. d4 Nf6 2. c4 e6 3. Nc3 Bb4 4. e3 c5 5. Nge2 cxd4 6. exd4 d5 7. c5 Ne4 8. Bd2
Nxd2 9. Qxd2 Qf6 10. a3 Ba5 11. b4 Bd8 12. Ng1 O-O 13. Nf3 b6 14. Be2 bxc5 15.
dxc5 Bc7 16. O-O Nc6 17. Rfd1 Rd8 18. Rab1 d4 19. Ne4 Qg6 20. Bd3 f5 21. Ng3
Rb8 22. b5 Ne7 23. Bc4 Kf8 24. Re1 h6 25. a4 Nd5 26. Nxd4 f4 27. Ne4 e5 28. Qa2
Nb4 29. Rxb4 Rxd4 30. Nd6 Bh3 31. f3 Bxd6 32. cxd6 Qxd6 33. Bg8 Be6 34. Bxe6
Qxb4 35. Rf1 Rd2 36. Qb1 Qxb1 37. Rxb1 Ke7 38. Bb3 Kd6 39. Rc1 Rb6 40. Bc4 Kc5
41. a5 Rbd6 42. Bf1+ Kb4 43. a6 Rd1 44. Rc4+ Ka5 45. Re4 Rb1 46. Kf2 Rd2+ 47.
Be2 Rxb5 48. Ke1 Rbd5 49. Rc4 Ra2 50. g3 g5 51. Rc7 Kb6 52. Rb7+ Kc6 53. Bc4
Ra1+ 54. Ke2 Rd4 55. Bb5+ Kc5 56. gxf4 exf4 57. Rb8 Ra2+ 58. Ke1 Rb4 0-1

[Event "Superettan(Upsala-Limhamn II)"]
[Site "?"]
[Date "2013.03.15"]
[Round "7"]
[White "Glimbrant, Torbjorn"]
[Black "Holst, Conny"]
[Result "1/2-1/2"]
[WhiteElo "2342"]
[BlackElo "2243"]
[PlyCount "103"]

1. Nf3 Nf6 2. c4 b6 3. d4 e6 4. a3 Bb7 5. Nc3 d5 6. cxd5 Nxd5 7. Qc2 Be7 8. e4
Nxc3 9. bxc3 O-O 10. Bd3 c5 11. O-O Ba6 12. Bxa6 Nxa6 13. Rd1 cxd4 14. cxd4 Qc8
15. Qe2 Qb7 16. Bg5 Bxg5 17. Nxg5 h6 18. Nf3 Rac8 19. Rac1 Nb8 20. h3 Rfd8 21.
Rxc8 Qxc8 22. Qe3 Qd7 23. d5 exd5 24. exd5 Qd6 25. Nh4 Nd7 26. Nf5 Qe5 27. Ne7+
Kf8 28. Nc6 Qxe3 29. fxe3 Re8 30. Kf2 a5 31. Kf3 Ne5+ 32. Nxe5 Rxe5 33. e4 f5
34. exf5 Rxf5+ 35. Ke4 Rf2 36. Rb1 Rxg2 37. Rxb6 Ke7 38. Ra6 Rh2 39. Rxa5 Rxh3
40. Ra7+ Kd6 41. Ra6+ Kd7 42. a4 Rh1 43. a5 Re1+ 44. Kf5 Rd1 45. Ra7+ Kd6 46.
Rxg7 Rxd5+ 47. Kg4 Rg5+ 48. Rxg5 hxg5 49. a6 Kc6 50. a7 Kb7 51. a8=R Kxa8 52.
Kxg5 1/2-1/2

[Event "Superettan(Upsala-Limhamn II)"]
[Site "?"]
[Date "2013.03.15"]
[Round "7"]
[White "Mansson, Peter"]
[Black "Andersson, Fredrik"]
[Result "1/2-1/2"]
[WhiteElo "2179"]
[BlackElo "2378"]
[PlyCount "30"]

1. e4 e5 2. d4 exd4 3. Qxd4 Nc6 4. Qe3 Nf6 5. Nc3 Bb4 6. Bd2 O-O 7. O-O-O Re8
8. Qg3 d6 9. f3 Be6 10. Nh3 a5 11. a3 Nh5 12. Qf2 Bc5 13. Be3 Bxe3+ 14. Qxe3
Ne5 15. g4 Nf6 1/2-1/2

[Event "Superettan(Upsala-Limhamn II)"]
[Site "?"]
[Date "2013.03.15"]
[Round "7"]
[White "Lindberg, Henrik"]
[Black "Tadjerbashi, Amir"]
[Result "1-0"]
[WhiteElo "2302"]
[BlackElo "2216"]
[PlyCount "113"]

1. c4 Nf6 2. Nc3 c6 3. e4 e5 4. Nf3 d6 5. d4 Nbd7 6. Be2 Qc7 7. O-O a6 8. Be3
Be7 9. Rb1 O-O 10. h3 exd4 11. Nxd4 Nc5 12. Qc2 Re8 13. b4 Ne6 14. Nf5 Bf8 15.
Rfd1 d5 16. exd5 cxd5 17. c5 Nf4 18. Bf3 Qe5 19. Ng3 Be6 20. Rd4 g5 21. Qd2 Bh6
22. Re1 Ng6 23. Bxd5 Nxd5 24. Nxd5 Bg7 25. Rd3 h6 26. Nb6 Rab8 27. Bd4 Qf4 28.
Bxg7 Qxd2 29. Rxd2 Kxg7 30. Nh5+ Kh8 31. a4 Red8 32. Red1 Rxd2 33. Rxd2 Ne5 34.
b5 axb5 35. axb5 Kh7 36. Nf6+ Kg6 37. Nfd7 Nxd7 38. Nxd7 Rc8 39. Rd6 Kg7 40. g4
Rc7 41. c6 bxc6 42. bxc6 Rxc6 43. Rxc6 Bxd7 44. Ra6 Bb5 45. Rb6 Bd3 46. Kh2 Bc2
47. Kg3 Bd3 48. h4 gxh4+ 49. Kxh4 Bc2 50. g5 hxg5+ 51. Kxg5 Bd3 52. f4 Bc2 53.
f5 Bd3 54. f6+ Kh7 55. Rb3 Bc4 56. Rh3+ Kg8 57. Kh6 1-0

[Event "Superettan(Upsala-Limhamn II)"]
[Site "?"]
[Date "2013.03.15"]
[Round "7"]
[White "Nurmi, Tommy"]
[Black "Burwick, Malte"]
[Result "1/2-1/2"]
[WhiteElo "2119"]
[BlackElo "2308"]
[PlyCount "68"]

1. d4 g6 2. Nf3 Bg7 3. c3 Nf6 4. Bf4 d6 5. e3 O-O 6. Be2 Nbd7 7. h3 b6 8. O-O
Bb7 9. Nbd2 Qe8 10. Bh2 e5 11. Nc4 e4 12. Nfd2 Qe7 13. a4 a6 14. Na3 Ne8 15.
Qb3 a5 16. Bc4 Ndf6 17. Rfe1 h5 18. Bf4 Kh7 19. Bg5 Bh6 20. Bxh6 Kxh6 21. Nf1
Ng7 22. Nh2 Nf5 23. g3 Kg7 24. Bf1 Nd7 25. Qc2 Nh6 26. Bg2 f5 27. h4 g5 28.
hxg5 Qxg5 29. Nf1 Rf7 30. c4 Rh8 31. Nb5 Rc8 32. Na7 Ra8 33. Nb5 Rc8 34. Na7
Ra8 1/2-1/2

[Event "Superettan(Upsala-Limhamn II)"]
[Site "?"]
[Date "2013.03.15"]
[Round "7"]
[White "Johansson, Thomas"]
[Black "Astrom, Lars"]
[Result "1-0"]
[WhiteElo "2263"]
[BlackElo "2094"]
[PlyCount "113"]

1. d4 d5 2. c4 c6 3. Nf3 Nf6 4. Qb3 e6 5. Nc3 dxc4 6. Qxc4 b5 7. Qb3 Bb7 8. Bg5
Be7 9. e3 O-O 10. Be2 Nbd7 11. O-O Rc8 12. Rfd1 Qb6 13. Ne5 Rfe8 14. Nxd7 Nxd7
15. Bxe7 Rxe7 16. a4 a6 17. Bf3 h6 18. Qb4 Ree8 19. Qd6 Red8 20. a5 Qa7 21. b4
Nf6 22. Qg3 Nd5 23. Na2 Qb8 24. Rac1 Qxg3 25. hxg3 Kf8 26. Rc5 Ke8 27. Rb1 Nf6
28. Nc1 Nd7 29. Rc3 e5 30. Nb3 Rc7 31. Rbc1 exd4 32. exd4 Nf6 33. Bxc6+ Bxc6
34. Rxc6 Rxc6 35. Rxc6 Nd5 36. Rxa6 Nxb4 37. Rb6 Kd7 38. Rxb5 Nc6 39. d5 Ne5
40. Nc5+ Ke7 41. a6 Rxd5 42. f3 Rd1+ 43. Kh2 Ra1 44. Nb3 Rxa6 45. Rxe5+ Kf6 46.
Rb5 g6 47. g4 Kg7 48. Kg3 Rc6 49. Nd2 Ra6 50. Ne4 Rc6 51. Rd5 Ra6 52. Rd6 Ra5
53. Rd7 Ra8 54. g5 hxg5 55. Nxg5 Kf6 56. Nxf7 Ke6 57. Rb7 1-0

[Event "Superettan(Upsala-Limhamn II)"]
[Site "?"]
[Date "2013.03.15"]
[Round "7"]
[White "Surender, Anil"]
[Black "Johansson, Carl Fredrik"]
[Result "0-1"]
[WhiteElo "2038"]
[BlackElo "2222"]
[PlyCount "96"]

1. g3 c5 2. Bg2 Nf6 3. d3 d5 4. Nd2 Nc6 5. e4 e6 6. Ne2 Be7 7. O-O b6 8. exd5
exd5 9. c4 O-O 10. Nf4 Bg4 11. Qe1 Nd4 12. Nxd5 Nxd5 13. Bxd5 Rc8 14. f3 Bh3
15. Rf2 Nc2 16. Qe5 Nxa1 17. Ne4 Bf6 18. Nxf6+ Qxf6 19. Qxf6 gxf6 20. g4 f5 21.
gxf5 Rfe8 22. Be4 Rcd8 23. b3 Rxe4 24. fxe4 Rxd3 25. Rd2 Rxd2 26. Bxd2 Nc2 27.
Bf4 Nd4 28. Kf2 f6 29. Bb8 Nc6 30. Bd6 Kf7 31. a3 Ke8 32. b4 cxb4 33. axb4 Kd7
34. Bf8 Ne5 35. c5 b5 36. Ke3 Ke8 37. Bg7 Kf7 38. Bh8 Nc6 39. Kd3 Bg2 40. Ke3
Bf1 41. Kf2 Bd3 42. Ke3 Bb1 43. Kf3 Nxb4 44. e5 fxe5 45. Bxe5 Bxf5 46. Bc3 Nc6
47. Kf4 Ke6 48. h4 b4 0-1

[Event "Superettan(Upsala-Limhamn II)"]
[Site "?"]
[Date "2013.03.15"]
[Round "7"]
[White "Marttala, Thomas"]
[Black "Ollen, Martin"]
[Result "1-0"]
[WhiteElo "2245"]
[BlackElo "2057"]
[PlyCount "79"]

1. Nf3 Nf6 2. c4 g6 3. Nc3 d5 4. cxd5 Nxd5 5. Qa4+ Bd7 6. Qb3 Nb6 7. d4 Bg7 8.
e4 O-O 9. Be3 a5 10. h3 a4 11. Qa3 Nc6 12. Be2 Na5 13. Qc5 a3 14. b4 Nc6 15.
O-O Nc8 16. Qc4 Nd6 17. Qb3 e5 18. dxe5 Nxe5 19. Nd4 Qh4 20. f4 Nc6 21. e5 Bxh3
22. Nxc6 bxc6 23. exd6 Qg3 24. Bf3 Rae8 25. Ne2 Qh4 26. gxh3 Bxa1 27. Rxa1 cxd6
28. Kg2 d5 29. Rc1 Rc8 30. Qc3 Rfe8 31. Bd4 Re6 32. Bf2 Qd8 33. Nd4 Rd6 34. Re1
h5 35. Qe3 Qc7 36. Qe5 Rcd8 37. Bh4 Rc8 38. Be7 Rd7 39. Qg5 c5 40. bxc5 1-0

[Event "Superettan(Upsala-Majorna)"]
[Site "?"]
[Date "2013.03.16"]
[Round "8"]
[White "Enstrom, Henrik"]
[Black "Johansson, Jan"]
[Result "1-0"]
[WhiteElo "2232"]
[BlackElo "2430"]
[PlyCount "107"]
[SourceDate "2013.04.08"]

1. d4 Nf6 2. c4 e6 3. Nc3 Bb4 4. Nf3 c5 5. e3 Nc6 6. Bd3 Bxc3+ 7. bxc3 d6 8.
O-O e5 9. dxe5 dxe5 10. Ng5 O-O 11. Ne4 Qe7 12. Nxf6+ Qxf6 13. Be4 Bf5 14. Bd5
e4 15. Rb1 b6 16. Qa4 Rac8 17. Rb2 Na5 18. f3 Qe5 19. Rbf2 Rc7 20. Qc2 exf3 21.
e4 Be6 22. Rxf3 Rd7 23. Bf4 Qh5 24. Qa4 Rfd8 25. Bxe6 fxe6 26. Bg5 h6 27. Bxd8
Rxd8 28. Rd1 Rxd1+ 29. Qxd1 Kh7 30. Qf1 Qe5 31. Re3 Kg8 32. Qe2 Nb7 33. g3 Nd6
34. Qf1 Kh7 35. Qd3 Kg8 36. Re1 Kh7 37. Re2 Kg8 38. Rd2 Nf7 39. Re2 Nd6 40. Re3
Kh7 41. Kf2 Ne8 42. Ke1 Nf6 43. Re2 Ne8 44. Kd1 Nd6 45. Kc2 Kg8 46. Rd2 Nb7 47.
Qf3 Na5 48. Qf4 Nxc4 49. Rd8+ Kh7 50. Qxe5 Nxe5 51. Ra8 Ng4 52. h3 Nf2 53. Rxa7
Nxh3 54. Rb7 1-0

[Event "Superettan(Upsala-Majorna)"]
[Site "?"]
[Date "2013.03.16"]
[Round "8"]
[White "Andersson, Fredrik"]
[Black "Kall, Anders"]
[Result "1/2-1/2"]
[WhiteElo "2378"]
[BlackElo "2173"]
[PlyCount "81"]

1. e4 c5 2. Nf3 d6 3. d4 cxd4 4. Nxd4 Nf6 5. Nc3 a6 6. Bg5 Nbd7 7. Qe2 Qa5 8.
f4 e6 9. O-O-O Be7 10. g4 h6 11. Bh4 Qc7 12. Bg2 g5 13. fxg5 Nh7 14. Bg3 hxg5
15. Nf5 Ne5 16. Nxe7 Kxe7 17. h4 Bd7 18. hxg5 Nxg5 19. Bh4 Rhg8 20. Qd2 f6 21.
Bxg5 Rxg5 22. Rh7+ Nf7 23. Rf1 Rag8 24. e5 Rxe5 25. Rxf6 Be8 26. Qf2 Rf8 27. g5
Rxg5 28. Bh3 Qc5 29. Rxe6+ Kd8 30. Qd2 Rg1+ 31. Re1 Ng5 32. Rxg1 Qxg1+ 33. Nd1
Qc5 34. Rh6 Nxh3 35. Rxh3 Rf1 36. Rc3 Qe5 37. Re3 Qc5 38. Rc3 Qe5 39. Re3 Qc5
40. Rc3 Qe5 41. Re3 1/2-1/2

[Event "Superettan(Upsala-Majorna)"]
[Site "?"]
[Date "2013.03.16"]
[Round "8"]
[White "Strom, Leif"]
[Black "Burwick, Malte"]
[Result "0-1"]
[WhiteElo "2155"]
[BlackElo "2308"]
[PlyCount "86"]

1. c4 g6 2. g3 Bg7 3. Bg2 Nf6 4. Nc3 O-O 5. e4 c5 6. Nge2 Nc6 7. O-O Ne8 8. d3
Nc7 9. a3 Rb8 10. b4 cxb4 11. axb4 b5 12. cxb5 Nxb5 13. Bf4 Nxc3 14. Nxc3 Bxc3
15. Bxb8 Bxa1 16. Qxa1 Nxb8 17. Qxa7 Nc6 18. Qc5 Bb7 19. h4 d6 20. Qc3 Qb6 21.
h5 Nd4 22. Qb2 Rc8 23. h6 e5 24. Bh3 Rc2 25. Qa1 Kf8 26. Qa4 Qc6 27. Qa7 Qc7
28. b5 Nxb5 29. Qe3 Nd4 30. Kg2 f6 31. Bg4 f5 32. Bd1 Rc3 33. Qg5 Qe7 34. Qd2
Rxd3 35. Qa5 Bxe4+ 36. Kg1 Bb7 37. Qa7 Qc7 38. Kh2 Qc6 39. Qb8+ Ke7 40. f3 Rxd1
41. Rxd1 Nxf3+ 42. Kh3 Ng5+ 43. Kh4 Qa4+ 0-1

[Event "Superettan(Upsala-Majorna)"]
[Site "?"]
[Date "2013.03.16"]
[Round "8"]
[White "Glimbrant, Torbjorn"]
[Black "Bengtsson, Tage"]
[Result "1/2-1/2"]
[WhiteElo "2342"]
[BlackElo "2148"]
[PlyCount "157"]

1. e4 c6 2. Nc3 d5 3. Nf3 Bg4 4. h3 Bxf3 5. Qxf3 e6 6. Be2 Nd7 7. O-O Bd6 8. d4
Ne7 9. Bg5 O-O 10. Rad1 f6 11. Bc1 f5 12. exd5 exd5 13. Bd3 Rf7 14. Ne2 b5 15.
Rfe1 Nf6 16. Nf4 Qd7 17. Ne6 Ne4 18. Ng5 Rff8 19. Qh5 Nxg5 20. Bxg5 Ng6 21. c3
Rae8 22. a3 Qf7 23. Bd2 Ne7 24. Qxf7+ Kxf7 25. Bg5 g6 26. Bh6 Rg8 27. Bd2 Nc8
28. g3 Rxe1+ 29. Rxe1 Re8 30. Ra1 Nb6 31. Kf1 a5 32. Re1 Rxe1+ 33. Kxe1 a4 34.
Ke2 Nd7 35. Bg5 Nf8 36. Bc1 Ne6 37. f4 Ng7 38. Kf3 Be7 39. Bc2 Ke6 40. b3 axb3
41. Bxb3 Ne8 42. a4 Nc7 43. Bb2 Bd6 44. g4 Be7 45. Bc2 Bd6 46. axb5 cxb5 47.
Bd3 Kf6 48. Bc1 Ke6 49. Bd2 Be7 50. Be1 Bf6 51. Ke3 Be7 52. Ke2 Bf6 53. Kd1 Be7
54. Kc2 Bd6 55. Bd2 Kf6 56. Kd1 Ke6 57. Ke2 Kf6 58. Kf3 Ke6 59. Kg3 Be7 60. Bc1
b4 61. Bb2 bxc3 62. Bxc3 Ne8 63. Kf3 Ba3 64. Ba5 Bd6 65. Bd8 Ba3 66. Bb6 Nf6
67. Ba6 Nd7 68. gxf5+ gxf5 69. Bc8 Ke7 70. Ba7 Bd6 71. Ke3 Bc7 72. Kf3 Bd6 73.
Ke3 Bc7 74. Bb7 Kd6 75. Ba6 Ke7 76. Bb5 Nf6 77. Bc5+ Ke6 78. Be2 Nd7 79. Bb4
1/2-1/2

[Event "Superettan(Upsala-Majorna)"]
[Site "?"]
[Date "2013.03.16"]
[Round "8"]
[White "Panas, Itai"]
[Black "Johansson, Thomas"]
[Result "1/2-1/2"]
[WhiteElo "2146"]
[BlackElo "2263"]
[PlyCount "109"]

1. c4 Nf6 2. g3 c6 3. Bg2 d5 4. cxd5 cxd5 5. Nf3 Nc6 6. O-O Bf5 7. d4 e6 8. Nc3
h6 9. Qb3 Qb6 10. Qxb6 axb6 11. Bf4 Be7 12. Nb5 Ra5 13. Nd6+ Bxd6 14. Bxd6 Kd7
15. Bf4 Be4 16. Rfd1 Rha8 17. a3 Ne8 18. Ne5+ Nxe5 19. dxe5 Bxg2 20. Kxg2 Rc5
21. e4 Nc7 22. Be3 Rc6 23. Rd3 Ke8 24. Rb3 dxe4 25. Bxb6 Nd5 26. Bd4 Rc4 27.
Rd1 Raa4 28. Be3 Rc2 29. Kh3 Rc7 30. Rd4 Rxd4 31. Bxd4 Kd7 32. Kg2 Rc4 33. Be3
Kc6 34. Kf1 Rc2 35. Bd4 b5 36. Ke1 Rc4 37. Be3 Nxe3 38. Rxe3 Kd5 39. Rb3 Rc5
40. f4 f6 41. exf6 gxf6 42. Kd2 f5 43. Ke3 h5 44. h3 e5 45. Rb4 Ke6 46. g4 hxg4
47. hxg4 exf4+ 48. Kxf4 fxg4 49. Rxe4+ Kd5 50. b3 g3 51. Re5+ Kd4 52. Rxc5 Kxc5
53. Kxg3 Kd4 54. a4 bxa4 55. bxa4 1/2-1/2

[Event "Superettan(Upsala-Majorna)"]
[Site "?"]
[Date "2013.03.16"]
[Round "8"]
[White "Lindberg, Henrik"]
[Black "Fors, Klas"]
[Result "1/2-1/2"]
[WhiteElo "2302"]
[BlackElo "2075"]
[PlyCount "97"]

1. e4 e5 2. Nf3 Nc6 3. Bb5 a6 4. Ba4 Nf6 5. O-O Be7 6. Re1 b5 7. Bb3 O-O 8. c3
d6 9. h3 Nb8 10. d4 Nbd7 11. Nbd2 Bb7 12. Bc2 c5 13. a4 Re8 14. Nf1 Bf8 15. Ng3
g6 16. d5 c4 17. Bg5 Bg7 18. Qd2 Nc5 19. Ra3 Qd7 20. Rea1 Rab8 21. Bh6 Bc8 22.
axb5 axb5 23. Ra7 Bb7 24. Nh4 Bh8 25. Be3 Qc7 26. Qc1 Ra8 27. Nf3 Rxa7 28. Rxa7
Nfd7 29. Qa1 Rb8 30. Nd2 Qc8 31. Qa5 Bf6 32. Qa1 Ra8 33. Nb1 Rxa7 34. Qxa7 Bd8
35. Qa1 Ba6 36. Na3 Qb7 37. Qd1 b4 38. cxb4 Qxb4 39. Qc1 Ba5 40. Nb1 Nb3 41.
Bxb3 Qxb3 42. Nc3 Qb4 43. Nf1 Nc5 44. Bxc5 Qxc5 45. Qa1 Bc8 46. Qa4 Kg7 47. Ne3
Ba6 48. Qc6 Qb6 49. Qa4 1/2-1/2

[Event "Superettan(Upsala-Majorna)"]
[Site "?"]
[Date "2013.03.16"]
[Round "8"]
[White "Kruger, Jan"]
[Black "Cederberg, Karl Olof"]
[Result "0-1"]
[WhiteElo "1842"]
[BlackElo "2195"]
[PlyCount "100"]
[EventDate "2013.??.??"]

1. f4 d6 2. Nf3 Bg4 3. e3 e5 4. h3 Bd7 5. Bc4 exf4 6. exf4 Nf6 7. O-O d5 8. Be2
Bd6 9. d4 O-O 10. Ne5 c5 11. Be3 cxd4 12. Bxd4 Nc6 13. Nxd7 Nxd7 14. c3 Re8 15.
Nd2 Nxd4 16. cxd4 Qe7 17. Bb5 Qe3+ 18. Kh1 Red8 19. Nb3 Nf6 20. Rf3 Qe7 21. Nc1
Qc7 22. Ne2 Ne4 23. Ba4 Rac8 24. Rc1 Qa5 25. a3 Rxc1 26. Nxc1 Rc8 27. Bc2 Qd2
28. Qxd2 Nxd2 29. Rc3 Rxc3 30. bxc3 Bxf4 31. Nd3 Bd6 32. Nb4 Bxb4 33. axb4 g6
34. g4 Kg7 35. Kg2 Kf6 36. h4 Ke6 37. Bd3 a6 38. Bc2 Nc4 39. Kf3 Nd6 40. Ke3 f5
41. g5 Ne4 42. Kd3 b5 43. Bb3 f4 44. Bc2 f3 45. Ke3 f2 46. Ke2 Kf5 47. Bd3 Kf4
48. Bc2 Kg3 49. Bxe4 dxe4 50. Kf1 Kf3 0-1

[Event "Superettan(Upsala-Majorna)"]
[Site "?"]
[Date "2013.03.16"]
[Round "8"]
[White "Marttala, Thomas"]
[Black "Thornfalt, Thomas"]
[Result "1-0"]
[WhiteElo "2245"]
[BlackElo "1743"]
[PlyCount "41"]

1. Nf3 f5 2. c4 Nf6 3. Nc3 g6 4. g3 Bg7 5. Bg2 c6 6. O-O O-O 7. d4 d6 8. Qc2
Na6 9. Bg5 Qe8 10. Rfe1 e5 11. e4 Nxe4 12. Nxe4 fxe4 13. Qxe4 Bf5 14. Qh4 e4
15. Bh6 Bf6 16. Ng5 Bxg5 17. Qxg5 Rf7 18. g4 Bd7 19. Bxe4 Qd8 20. Bxg6 hxg6 21.
Qxg6+ 1-0

[Event "Superettan(Kamraterna-Farsta)"]
[Site "?"]
[Date "2013.03.16"]
[Round "8"]
[White "Sammalvuo, Tapani"]
[Black "Hamark, Jesper"]
[Result "1-0"]
[WhiteElo "2516"]
[BlackElo "2385"]
[PlyCount "141"]

1. d4 d5 2. c4 Nc6 3. Nf3 Bg4 4. Nc3 e6 5. Bg5 Be7 6. Bxe7 Ngxe7 7. e3 O-O 8.
Bd3 h6 9. cxd5 Nxd5 10. Be4 f5 11. Bxd5 exd5 12. Qb3 Bxf3 13. gxf3 Ne7 14. f4
b6 15. Rd1 c6 16. Rg1 Nc8 17. Ke2 Kh7 18. Rg2 Rb8 19. Rdg1 Rb7 20. Nb1 Nd6 21.
Nd2 Qe8 22. Nf3 Qh5 23. Qd1 Ne4 24. Ke1 Qe8 25. Ne5 Rf6 26. Qc2 Rc7 27. Rg6 Qe6
28. f3 Nd6 29. Qg2 Ne8 30. Rxf6 Nxf6 31. Qg6+ Kh8 32. b4 a5 33. bxa5 bxa5 34.
Rg2 Qe7 35. Qxf5 Qb4+ 36. Kf1 Qc3 37. Qd3 Qa1+ 38. Kf2 Qxa2+ 39. Kg3 Qa1 40.
Kh3 a4 41. Ng6+ Kg8 42. Qa6 Kh7 43. Qa8 Ng8 44. Nf8+ Kh8 45. Ng6+ Kh7 46. Nf8+
Kh8 47. Qb8 Rf7 48. Ng6+ Kh7 49. Nf8+ Kh8 50. Ng6+ Kh7 51. Qe8 Ra7 52. Nf8+ Kh8
53. Ng6+ Kh7 54. Nf8+ Kh8 55. Nd7 Qf1 56. Nf6 Qxf3+ 57. Rg3 Qxg3+ 58. hxg3 gxf6
59. Qb8 Re7 60. Qa8 Rxe3 61. Qxc6 Ne7 62. Qxf6+ Kh7 63. Qf7+ Kh8 64. f5 a3 65.
Qf8+ Kh7 66. Qf7+ Kh8 67. f6 Nf5 68. Qf8+ Kh7 69. Qf7+ Kh8 70. Qf8+ Kh7 71. Kg4
1-0

[Event "Superettan(Kamraterna-Farsta)"]
[Site "?"]
[Date "2013.03.16"]
[Round "8"]
[White "Svensson, Bengt"]
[Black "Nikcevic, Nebojsa"]
[Result "0-1"]
[WhiteElo "2456"]
[BlackElo "2482"]
[PlyCount "84"]

1. e4 e5 2. Nf3 Nc6 3. Bb5 a6 4. Ba4 Nf6 5. O-O Be7 6. Re1 b5 7. Bb3 d6 8. c3
O-O 9. h3 Nb8 10. d4 Nbd7 11. Nbd2 Bb7 12. Bc2 Re8 13. Nf1 Bf8 14. Ng3 g6 15.
a4 Bg7 16. Bd3 c6 17. b3 Qc7 18. Ba3 bxa4 19. bxa4 c5 20. d5 c4 21. Bc2 a5 22.
Bc1 Ba6 23. Be3 Nc5 24. Qd2 Nb3 25. Bxb3 cxb3 26. Bh6 Bh8 27. Rab1 Reb8 28. Nf5
Bc8 29. g4 Bxf5 30. gxf5 Qc4 31. Qg5 Qxa4 32. Nh4 Qd7 33. Kh2 Ne8 34. Rg1 Bf6
35. Qh5 Bxh4 36. Qxh4 a4 37. Qh5 Ra7 38. fxg6 fxg6 39. Rxg6+ hxg6 40. Rg1 Ng7
41. Qxg6 Rf8 42. Bxg7 Rxf2+ 0-1

[Event "Superettan(Kamraterna-Farsta)"]
[Site "?"]
[Date "2013.03.16"]
[Round "8"]
[White "Akbarinia, Arash"]
[Black "Lundin, Jan"]
[Result "0-1"]
[WhiteElo "2352"]
[BlackElo "2322"]
[PlyCount "68"]

1. d4 Nf6 2. Nf3 e6 3. c4 b6 4. g3 Bb7 5. Bg2 Be7 6. O-O O-O 7. Re1 Na6 8. Nc3
d5 9. cxd5 exd5 10. Bg5 c5 11. Rc1 Re8 12. dxc5 Nxc5 13. Nd4 Nfe4 14. Bxe7 Qxe7
15. b4 Ne6 16. Nxe4 dxe4 17. Nxe6 Qxe6 18. Rc7 Bd5 19. a3 Rad8 20. e3 a5 21.
bxa5 bxa5 22. Qd4 Bb3 23. Qc5 a4 24. Rc1 h6 25. Bf1 Rd2 26. Bc4 Bxc4 27. Qxc4
Qf5 28. Rf1 Rb8 29. Qxa4 Rb1 30. f4 exf3 31. Qc4 Rxf1+ 32. Qxf1 Rg2+ 33. Qxg2
fxg2 34. Kxg2 Qe5 0-1

[Event "Superettan(Kamraterna-Farsta)"]
[Site "?"]
[Date "2013.03.16"]
[Round "8"]
[White "Livner, Anders"]
[Black "Mohammadi, Amir"]
[Result "1-0"]
[WhiteElo "2393"]
[BlackElo "2293"]
[PlyCount "81"]

1. d4 f5 2. g3 Nf6 3. Bg2 e6 4. c4 d5 5. Nh3 c6 6. O-O Bd6 7. Bf4 O-O 8. Nd2 b6
9. Qc2 Bb7 10. Rac1 h6 11. Bxd6 Qxd6 12. Nf4 Nbd7 13. cxd5 exd5 14. Qxf5 Rae8
15. Qd3 Nb8 16. Qb3 Ba6 17. Rfe1 Ng4 18. Nf3 Bc4 19. Qc2 Rxf4 20. gxf4 Qxf4 21.
e3 Qd6 22. h3 Nf6 23. Ne5 Bb5 24. Qg6 Rf8 25. Ng4 Kh8 26. Nxf6 Rxf6 27. Qg3 Qf8
28. e4 Na6 29. e5 Re6 30. f4 Nb4 31. Qg4 Re8 32. Bf1 Bd3 33. a3 Bf5 34. Qd1 Na6
35. Rxc6 Bd7 36. Rc3 Nb8 37. Bg2 Qxf4 38. Bxd5 Bc6 39. Bg2 Bxg2 40. Kxg2 Nd7
41. Qg4 1-0

[Event "Superettan(Kamraterna-Farsta)"]
[Site "?"]
[Date "2013.03.16"]
[Round "8"]
[White "Borvander, Tom"]
[Black "Ong, Kezli"]
[Result "1-0"]
[WhiteElo "2207"]
[BlackElo "2318"]
[PlyCount "59"]

1. d4 Nf6 2. c4 e6 3. Nc3 Bb4 4. f3 d5 5. a3 Bxc3+ 6. bxc3 c5 7. cxd5 Nxd5 8.
dxc5 Qa5 9. e4 Ne7 10. Be3 O-O 11. Qb3 Qc7 12. a4 Nec6 13. Bb5 e5 14. Qa3 Na5
15. Ne2 Be6 16. Rb1 a6 17. Bd3 Rd8 18. Nc1 Nd7 19. Qb4 Rac8 20. O-O Nxc5 21.
Be2 Bd7 22. Rd1 Nxa4 23. Rxd7 Qxd7 24. Qxa5 Nxc3 25. Ra1 Nxe2+ 26. Nxe2 Qd3 27.
Kf2 Rc2 28. Re1 f6 29. Qb6 Qb5 30. Qxd8+ 1-0

[Event "Superettan(Kamraterna-Farsta)"]
[Site "?"]
[Date "2013.03.16"]
[Round "8"]
[White "Lissang, Christopher"]
[Black "Andersson, Michael"]
[Result "1/2-1/2"]
[WhiteElo "2272"]
[BlackElo "2225"]
[PlyCount "76"]

1. d4 g6 2. Nf3 Bg7 3. c4 c5 4. d5 d6 5. e4 e5 6. Nc3 Nd7 7. Be2 Ne7 8. h4 h5
9. Ng5 Nf6 10. Be3 Ng4 11. Bxg4 hxg4 12. Qd2 Ng8 13. O-O-O Nf6 14. Kb1 a6 15.
Rdf1 b5 16. Qd3 bxc4 17. Qxc4 O-O 18. Ka1 a5 19. Qa4 Ba6 20. Rb1 Rb8 21. a3 Re8
22. Bd2 Bd3 23. Rbe1 Re7 24. Nd1 Ra7 25. Ne3 Bb5 26. Qc2 a4 27. Bc3 Rab7 28.
Rhg1 Qb6 29. Rh1 Qa6 30. Rd1 Bd7 31. Rd2 Rb3 32. Rc1 Bb5 33. Qd1 Qc8 34. Ka2
Ba6 35. Ka1 Bb5 36. Ka2 Ba6 37. Ka1 Bb5 38. Ka2 Ba6 1/2-1/2

[Event "Superettan(Kamraterna-Farsta)"]
[Site "?"]
[Date "2013.03.16"]
[Round "8"]
[White "Haggstrom, Olle"]
[Black "Hedin, Gunnar"]
[Result "1/2-1/2"]
[WhiteElo "2219"]
[BlackElo "2152"]
[PlyCount "63"]

1. e4 e6 2. d4 d5 3. Nc3 Bb4 4. exd5 exd5 5. Qf3 Qe7+ 6. Nge2 Nc6 7. Qd3 Nf6 8.
a3 Bxc3+ 9. Qxc3 Bf5 10. f3 O-O-O 11. Bg5 h6 12. Bh4 Rhe8 13. O-O-O Bh7 14. Bf2
g5 15. Ng3 Qd6 16. Bb5 Nd7 17. Rhe1 Bg6 18. Bxc6 Qxc6 19. Qxc6 bxc6 20. Kd2 Nb6
21. b3 Kd7 22. Nf1 h5 23. h4 f6 24. Rxe8 Rxe8 25. Ne3 Nc8 26. Rh1 Nd6 27. a4
Rh8 28. Nd1 Rh7 29. Re1 g4 30. Nc3 Rg7 31. fxg4 hxg4 32. g3 1/2-1/2

[Event "Superettan(Limhamn II-Solna)"]
[Site "?"]
[Date "2013.03.16"]
[Round "8"]
[White "Lindberg, Bengt"]
[Black "Holst, Conny"]
[Result "1-0"]
[WhiteElo "2448"]
[BlackElo "2243"]
[PlyCount "73"]

1. e4 c5 2. Nf3 d6 3. d4 cxd4 4. Nxd4 Nf6 5. Nc3 a6 6. Be3 e6 7. Be2 Be7 8. f4
Qc7 9. Bf3 O-O 10. O-O Nc6 11. Kh1 Re8 12. a4 Na5 13. Nde2 Bd7 14. b3 Bf8 15.
Qe1 Bc6 16. Qf2 Nd7 17. b4 Nc4 18. b5 d5 19. bxc6 bxc6 20. exd5 cxd5 21. Bd4
Rac8 22. g3 Qa5 23. Nc1 Ba3 24. Nb3 Qb4 25. Nb1 Bb2 26. Ra2 Bxd4 27. Qxd4 Nf6
28. N1d2 Red8 29. Raa1 Qe7 30. Rfc1 h6 31. c3 g5 32. Re1 Ne4 33. Nxe4 dxe4 34.
Qxe4 Nb2 35. Nd4 Qc5 36. Nxe6 fxe6 37. Qg6+ 1-0

[Event "Superettan(Limhamn II-Solna)"]
[Site "?"]
[Date "2013.03.16"]
[Round "8"]
[White "Mansson, Lars"]
[Black "Jonsson, Mikael"]
[Result "0-1"]
[WhiteElo "2254"]
[BlackElo "2335"]
[PlyCount "100"]

1. e4 e5 2. Nf3 Nc6 3. Nc3 Nf6 4. Bb5 Bb4 5. O-O O-O 6. d3 d6 7. Bg5 Bxc3 8.
bxc3 Qe7 9. Re1 Nd8 10. d4 Ne6 11. Bc1 c5 12. d5 Nc7 13. Bf1 Kh8 14. g3 Bg4 15.
h3 Bd7 16. Nh4 Rae8 17. Bg2 Ng8 18. Nf5 Bxf5 19. exf5 Qd7 20. g4 Qa4 21. Re4
Qd7 22. a4 Nf6 23. Re3 Qc8 24. g5 Ng8 25. Be4 f6 26. g6 h6 27. Rg3 Re7 28. Rg4
Qd7 29. Rh4 Rb8 30. Be3 Ne8 31. Qd2 b5 32. axb5 Rxb5 33. Bd3 Rb6 34. Raa4 e4
35. Raxe4 Rxe4 36. Bxe4 a5 37. Bd3 Rb7 38. Qc1 a4 39. Qa3 Ra7 40. Bc1 Nc7 41.
Qa2 a3 42. Bxa3 Nb5 43. Bxb5 Qxb5 44. Qb2 Qxb2 45. Bxb2 Ra2 46. Re4 Rxb2 47.
Re6 Rxc2 48. Rxd6 Rxc3 49. Kg2 Rd3 50. Rd8 c4 0-1

[Event "Superettan(Limhamn II-Solna)"]
[Site "?"]
[Date "2013.03.16"]
[Round "8"]
[White "Karlsson, Tomas"]
[Black "Mansson, Peter"]
[Result "1-0"]
[WhiteElo "2289"]
[BlackElo "2179"]
[PlyCount "65"]

1. e4 c5 2. Nc3 Nc6 3. f4 e6 4. Nf3 d5 5. d3 Be7 6. g3 Nf6 7. e5 Ng4 8. Bg2 O-O
9. O-O Nh6 10. Ne2 d4 11. h3 Nf5 12. g4 Nh4 13. Nxh4 Bxh4 14. Kh1 Ne7 15. Ng1
Nd5 16. Qe2 b6 17. g5 f6 18. gxf6 Bb7 19. Qg4 Bxf6 20. exf6 Rxf6 21. Be4 Rg6
22. Qf3 Qh4 23. Kh2 Rf8 24. Bd2 Rgf6 25. Qg3 Qxg3+ 26. Kxg3 g5 27. c4 dxc3 28.
bxc3 gxf4+ 29. Kh2 Bc8 30. Nf3 Ne7 31. Rg1+ Kh8 32. c4 Ng6 33. Bc3 1-0